Guthrie process for the cleaning of low grade rubber (Record no. 60208)

MARC details
000 -LEADER
fixed length control field 00400nam a2200157Ia 4500
100 ## - MAIN ENTRY--AUTHOR NAME
Personal name De Jong P
245 #0 - TITLE STATEMENT
Title Guthrie process for the cleaning of low grade rubber
260 ## - PUBLICATION, DISTRIBUTION, ETC. (IMPRINT)
Name of publisher Planters Bulletin
Year of publication 1969
300 ## - PHYSICAL DESCRIPTION
Number of Pages 299-305
650 ## - SUBJECT ADDED ENTRY--TOPICAL TERM
Topical Term Guthrie process
650 ## - SUBJECT ADDED ENTRY--TOPICAL TERM
Topical Term Low grade rubber
650 ## - SUBJECT ADDED ENTRY--TOPICAL TERM
Topical Term Rubber
700 ## - ADDED ENTRY--PERSONAL NAME
Personal name Smith M G
942 ## - ADDED ENTRY ELEMENTS (KOHA)
Koha item type Journals
Holdings
Withdrawn status Lost status Damaged status Not for loan Home library Current library Shelving location Date acquired Serial Enumeration / chronology Koha item type
      Journals RRII Library RRII Library Rubber chemistry 17/12/2021 Volume 105, Issue Journals